000 00623nam a22002177a 4500
003 OSt
005 20251117172315.0
008 251117b |||||||| |||| 00| 0 eng d
020 _a0-538-87411-2.
040 _aDWCL-Main lib
_cOC
082 _219th ed.
_aCirc. 657 W287a 1999
100 _aCarl S. Warren
245 _aAccounting/
_cCarl S. Warren
260 _aOhio :
_bSouth-Western College Publishing,
_cc1999.
300 _avarious paging :
_bill. ;
_c23 cm.
504 _aIncludes index.
650 _aAccounting.
700 _aJames M. Reeve
700 _aPhilip E. Fess
942 _2ddc
_cBK-CIRC
_e19th ed.
_kCirc
_n0
999 _c5744
_d5744